Vida de Antonio Gramsci

I tiakina i:
Ngā taipitopito rārangi puna kōrero
Kaituhi matua: Fiori, Giuseppe (Author)
Hōputu: Pukapuka
Reo:Pāniora
I whakaputaina: Barcelona Península 1968
Ngā marau:
Ngā Tūtohu: Tāpirihia he Tūtohu
Kāore He Tūtohu, Me noho koe te mea tuatahi ki te tūtohu i tēnei pūkete!

MARC

LEADER 00000nam a2200000 a 4500
001 UCO4768
003 CL-VaPUC
008 000811e19680000SP |||||||||||||||||spa|d
082 0 4 |a 923.2  |b FIO  |2 21 
100 0 |a Fiori, Giuseppe  |e author  |9 449401 
245 1 0 |a Vida de Antonio Gramsci 
300 |a 359 p 
942 |c BK 
945 |d 20000811 00:00:00  |a crobeson 
260 |a Barcelona  |b Península  |c 1968 
600 0 7 |a GRAMSCI, ANTONIO  |2 CL-VaPUC  |9 310178 
650 0 |a Políticos   |9 256302 
650 0 |a Biografías  |9 255210 
650 0 |a Vida y obra  |9 311871 
583 |a last modification  |c 20000811 00:00:00  |k Rodrigo Vera 
999 |c 290764  |d 290762 
952 |0 0  |1 0  |4 0  |6 923_200000000000000_FIO_1968  |7 0  |8 A  |9 340334  |a BIBART  |b BIBART  |d 2019-11-20  |i 1215612  |o 923.2 FIO 1968  |p 1215612  |r 2025-03-13  |w 2019-11-20  |y BK  |k ART